000 00732nam a2200229Ii 4500
003 JO-AjNU
008 230605s9999||||xx |||||||||||||| ||und||
017 _a2012/1/361
020 _a978-9957-30-324-2
040 _aJO-AjNU
_bara
_erda
_cJO-AjNU
041 _aara
050 1 4 _aPN484 2012
100 3 _aخربط، علام,
_eauthor
_950549
245 0 0 _aثورات بنكهة الفيسوك: مقالات صحفية 2012
250 _aط1
264 3 1 _aعمان: فضاءات للنشر والتوزيع، 2012
300 _a174ص
336 _atext
_btxt
_2rdacontent
337 _aunmediated
_bn
_2rdamedia
338 _avolume
_bnc
_2rdacarrier
650 4 _aالنصوص العربية - العصر الحديث
_950550
999 _aA22274
_c25842
_d25842